| 000 | 01180nam a22002777a 4500 | ||
|---|---|---|---|
| 999 |
_c111719 _d111719 |
||
| 003 | dpl | ||
| 005 | 20190220110846.0 | ||
| 008 | 190220b ||||| |||| 00| 0 eng d | ||
| 010 | _aA-813659 | ||
| 020 |
_c125.00 _a8173151938 |
||
| 035 | _aA-813659, A-813672 | ||
| 037 | _bCen Lib/Ret | ||
| 040 |
_aDPL _bHN _c0 |
||
| 082 |
_a820.8 _bमिश्रवि |
||
| 100 |
_aमिश्र, विद्यानिवास _9130 |
||
| 245 |
_aसाहित्य का खुला आकाश / _cविद्यानिवास मिश्र |
||
| 246 |
_aSahitya ka khula akash / _bby Vidya Niwas Mishra |
||
| 260 |
_aनयी दिल्ली _bप्रभात प्रकाशन _c1996 |
||
| 270 |
_a४/१९, असफ अली रोड _bनयी दिल्ली _e110002 |
||
| 300 |
_a138पृ. _c21सेमी (सजिल्द) |
||
| 650 |
_aहिन्दी साहित्य _9110793 |
||
| 650 |
_aसाहित्य और सर्वधारना _943726 |
||
| 650 |
_aHindi literature _9110794 |
||
| 650 |
_aLiterature and History _922704 |
||
| 942 |
_2ddc _cHN _h820.8 _mमिश्रवि |
||